| 000 | 00775nam a2200241Ia 4500 | ||
|---|---|---|---|
| 003 | GCL | ||
| 008 | 140319s9999 xx 000 0 ara d | ||
| 020 | _a5025324977 | ||
| 040 |
_aGCL / _cGCL |
||
| 082 | 0 | 4 |
_a920.71 _bح ص |
| 100 | 1 | _aحسين مؤنس | |
| 245 | 1 | 0 |
_aصور من البطولات العربية والاجنبية / _cحسين مؤنس |
| 250 | _aالاولى | ||
| 260 |
_aالقاهرة : _bدار الرشاد ، _c1993 |
||
| 300 |
_a374 ص ؛ _c24 سم |
||
| 490 |
_aالهيئة العامة للاستعلامات _v0 |
||
| 650 | 0 | 4 | _aالتاريخ الاسلامى |
| 650 | 0 | 4 | _aالتراجم |
| 650 | 0 | 4 | _aالعصور القديمة |
| 650 | 0 | 4 | _aالعصور الحديثة |
| 650 | 0 | 4 | _aالرجال - تراجم |
| 942 |
_2ddc _cBK |
||
| 999 |
_c49917 _d49917 |
||